000 00798nam a2200265 a 4500
001 1640893
003 CO-ViMGA
005 20230915233609.0
008 191003s2019 ck gr 000 f spa d
020 _a9584278053
020 _a9789584278050
040 _aCO-ViMGA
_bspa
_cCO-ViMGA
043 _as-ck---
082 0 4 _aCo863.6
_bP37i1
_219
100 1 _aPerez, Daniela,
_d1994-
_9281
240 1 0 _aBogota-̀Bibliográfia regional
245 1 0 _aIndeleble /
_cDaniela Perez.
260 _aBogot :̀
_bEditorial Planeta Colombiana :
_bDestino,
_c2019.
300 _a236 pg̀inas ;
_c21 cm.
650 1 4 _aAmor
_v Novela juvenil.
_9285
650 1 4 _aMemoria
_v Novela juvenil.
_9283
650 1 4 _aNovela juvenil colombiana.
_9282
650 1 4 _aNovela psicolog̤ica.
_9284
942 _2ddc
_cBK
999 _c37207
_d37207